| 000 | 00359pab a2200145 454500 | ||
|---|---|---|---|
| 008 | 180718b1987 xxu||||| |||| 00| 0 eng d | ||
| 100 | _aEdwarsds,Geoff W. | ||
| 245 |
_aAgricultural policy debate _bA survey |
||
| 260 | _c1987 | ||
| 300 | _a129-43 | ||
| 362 | _aJun. | ||
| 650 | _aAgriculture - Policy - Australia | ||
| 773 | _aEconomic record | ||
| 909 | _a3759 | ||
| 999 |
_c3759 _d3759 |
||